000 00694cam a2200277 4500
001 J3057
008 090401t1995 xxu||||| |||| 00| 0 eng d
035 _a(Sirsi) u52728
041 _aeng
050 _a333.33
110 _aValuation Office Agency
_93141
245 _aProperty market report. - Spring 1995.
260 _aLondon
_bValuation Office Agency
_c1995
300 _a70p. ; 30cm.
350 _a30
650 _aFARM LAND
650 _aINDUSTRIAL PROPERTY
650 _aINVESTMENT
650 _aOFFICES
650 _aRESIDENTIAL PROPERTY
_96266
650 _aRETAIL
650 _aSHOPS
690 _aPROPERTY-COMMERCIAL PROPERTY
942 _n0
948 _c04/03/1997
999 _c93154
_d93154